| 000 | 00465nam a22001457a 4500 | ||
|---|---|---|---|
| 003 | MACL | ||
| 005 | 20191106163016.0 | ||
| 008 | 191106b xxu||||| |||| 00| 0 eng d | ||
| 040 | _cMACL | ||
| 100 |
_aपटनायक देवदत्त _977038 |
||
| 245 | _aसीता रामायण का सचित्र पुनर्कथन | ||
| 260 |
_aदिल्ली _bपेंइगुन |
||
| 650 |
_aधर्म _977039 |
||
| 942 |
_2ddc _cHIN |
||
| 999 |
_c61261 _d61261 |
||